| 000 | 00912cac a22002531u 4500 | ||
|---|---|---|---|
| 090 | _c7364 | ||
| 008 | 081106t1998 xxu||||| |||| 00| 0 eng d | ||
| 010 | _a96060598 | ||
| 020 | _a1572591064 (hardcover) | ||
| 082 | 0 | 0 |
_a155 _bBER |
| 100 | _aBerger, Kathleen Stass | ||
| 245 | 1 | 4 |
_aThe developing person through the life span / _cKathleen Stassen Berger ; with the assistance of Ross A. Thompson. |
| 250 | _a4th ed. | ||
| 260 |
_aNew York, NY : _bWorth Publishers, _cc1998. |
||
| 300 |
_a1 v. (various pagings) : _bill. (some col.) ; _c29 cm. |
||
| 500 | _adistributer: Al-Ahram | ||
| 504 | _aIncludes bibliographical references and indexes. | ||
| 511 | _acatalogued by: wessam | ||
| 650 | 0 | _aDevelopmental psychology. | |
| 700 | 1 | _aThompson, Ross A. | |
| 942 |
_cBB _k155BER _2ddc |
||
| 999 |
_c7364 _d7364 |
||